|
|
|
|
| LEADER |
02174nam a2200481 i 4500 |
| 001 |
nkc20203220360 |
| 003 |
CZ PrNK |
| 005 |
20200818161838.0 |
| 007 |
ta |
| 008 |
200701s2020 xr g 000 f cze |
| 015 |
|
|
|a cnb003220360
|
| 020 |
|
|
|a 978-80-7553-734-8
|q (Stanislav Juhaňák - Triton ;
|q brožováno)
|
| 020 |
|
|
|a 978-80-88343-04-2
|q (Zdeněk Rampas - Nová vlna ;
|q brožováno)
|
| 035 |
|
|
|a (OCoLC)1200255303
|
| 040 |
|
|
|a ABG001
|b cze
|d ABA001
|e rda
|
| 072 |
|
7 |
|a 821.162.3-3
|x Česká próza
|2 Konspekt
|9 25
|
| 080 |
|
|
|a 821.162.3-31
|2 MRF
|
| 080 |
|
|
|a (0:82-311.9)
|2 MRF
|
| 100 |
1 |
|
|a Pešek, Luděk,
|d 1919-1999
|7 jk01092650
|4 aut
|
| 245 |
1 |
0 |
|a Past na Persea /
|c Luděk Pešek
|
| 264 |
|
1 |
|a Praha :
|b Zdeněk Rampas - Nová vlna :
|b Stanislav Juhaňák - Triton,
|c 2020
|
| 300 |
|
|
|a 177 stran ;
|c 17 cm
|
| 336 |
|
|
|a text
|b txt
|2 rdacontent
|
| 337 |
|
|
|a bez média
|b n
|2 rdamedia
|
| 338 |
|
|
|a svazek
|b nc
|2 rdacarrier
|
| 490 |
1 |
|
|a Trifid ;
|v 609. svazek
|
| 490 |
1 |
|
|a Paralelní světy ;
|v 13. svazek
|
| 500 |
|
|
|a Na hřbetu označení: P4
|
| 520 |
2 |
|
|a Sci-fi román českého malíře, spisovatele, fotografa a ilustrátora, žijícího od roku 1968 ve švýcarském exilu, je alegorickým podobenstvím o zhoubné moci totalitních režimů, které jsou zkoumány z pohledu fiktivního argonautského společenství.
|b Kosmická loď Perseus III má objasnit osud předchozích dvou expedic k Železnému měsíci planety Tartaros, které se po dosažení cíle záhadně odmlčely. Na místě je však posádka Persea III zajata a podrobována převýchově a indoktrinaci. Nakladatelská anotace.
|
| 655 |
|
7 |
|a české romány
|7 fd133974
|2 czenas
|
| 655 |
|
7 |
|a vědecko-fantastické romány
|7 fd133847
|2 czenas
|
| 655 |
|
9 |
|a Czech fiction
|2 eczenas
|
| 655 |
|
9 |
|a science fiction novels
|2 eczenas
|
| 830 |
|
0 |
|a Trifid (Triton)
|0 s
|
| 830 |
|
0 |
|a Paralelní světy
|0 s
|
| 910 |
2 |
|
|a BOA001
|b 1-1450.488
|
| 920 |
|
|
|a 4544225
|z ABG001
|
| 928 |
9 |
|
|a Triton
|
| 928 |
9 |
|
|a Nová vlna
|
| 990 |
|
|
|a BK
|
| 995 |
|
|
|a 01
|
| 991 |
|
|
|b 202007
|c NOV
|
| 996 |
6 |
|
|b 2610830384
|c 1-1450.488
|l MZK
|r Sklad / do 1 hodiny
|n 0
|p p.v.
|w 001813443
|u 000010
|a 1
|e BOA001
|j MZK50
|s P
|